Comparative international accounting. (2nd ed.) (Record no. 79582)

MARC details
000 -LEADER
fixed length control field 00804nam a2200193 a 4500
008 - FIXED-LENGTH DATA ELEMENTS--GENERAL INFORMATION
fixed length control field 120416s1981 ||||||||||||||||| || u
020 ## - INTERNATIONAL STANDARD BOOK NUMBER
International Standard Book Number 0860035158
050 ## - LIBRARY OF CONGRESS CALL NUMBER
Classification number HF 5635 Com
100 ## - MAIN ENTRY--PERSONAL NAME
Personal name Parker, Robert Henry
245 10 - TITLE STATEMENT
Title Comparative international accounting. (2nd ed.)
Statement of responsibility, etc. edited by Christopher Nobes
250 ## - EDITION STATEMENT
Edition statement 2nd ed.
260 ## - PUBLICATION, DISTRIBUTION, ETC.
Place of publication, distribution, etc. Oxford:
Name of publisher, distributor, etc. Phillip Allan
Date of publication, distribution, etc. 1981
300 ## - PHYSICAL DESCRIPTION
Extent xvi, 383p.
350 ## -
-- 0.00
650 #0 - SUBJECT ADDED ENTRY--TOPICAL TERM
Topical term or geographic name entry element COMPARATIVE ACCOUNTING
700 ## - ADDED ENTRY--PERSONAL NAME
Personal name Nobes, Christopher W
995 ## -
-- ANNEX COLLECTION (Main Library)
-- 0.00
-- 712804
-- CBU-MAIN LIBRARY (Kitwe)
-- 2
-- 19.95
-- HF 5635 Com
-- AVAILABLE
-- 005539
-- Annex Low-Usage Collection
995 ## -
-- ANNEX COLLECTION (Main Library)
-- 0.00
-- 712803
-- CBU-MAIN LIBRARY (Kitwe)
-- 1
-- 19.95
-- HF 5635 Com
-- AVAILABLE
-- 005540
-- Annex Low-Usage Collection
999 ## -
-- 79582
-- 79582
Holdings
Withdrawn status Lost status Source of classification or shelving scheme Damaged status Not for loan Permanent Location Current Location Shelving location Date acquired Total Checkouts Full call number Barcode Date last seen Copy number Price effective from Koha item type
          CBU-MAIN LIBRARY, KITWE. CBU-MAIN LIBRARY, KITWE.   06/29/2023   HF 5635 Com 005539 06/29/2023 1 06/29/2023 MONOGRAPH
          CBU-MAIN LIBRARY, KITWE. CBU-MAIN LIBRARY, KITWE.   06/29/2023   HF 5635 Com 005540 06/29/2023 2 06/29/2023 MONOGRAPH